000 00879nam a22001935i 4500
001 165863
003 ES-MaACL
005 20250809030005.0
008 050912s1877 sp | |||||||| ||spa d
100 1 _aSuárez Pastor, Alfredo.
_9132972
245 1 0 _aDiscurso leído en el acto solemne de recibir la investidura de doctor en la Facultad de Derecho Civil y Canónico /
_cpor el licenciado Don Alfredo Suárez y Pastor, el día 1º de julio de 1877.
260 _aMadrid :
_b[s.n.],
_c1877 (
_fImp. de T. Fortanet)
300 _a74 p. ;
_c26 cm.
594 _aTema del discurso: Organización de la familia hebrea
650 4 _aFamilias judías.
_9174152
650 7 _aDerecho judío
_2embne
_9174151
852 4 _aES-MaACL
_jT-243-F-1
_z- Enc. hol., conservando la enc. original
_z- Enc. en un vol. facticio
_z- Dedicatoria autógrafa del autor
999 _c165863
_d165863